Streľba z perkusnej pušky

Bibliographic Details
Main Author: Šramek, Tomáš (Author)
Format: Article
Language:Slovak
PhysicalDescription:Obr.
ISSN:1335-5740
Subjects:

MARC

LEADER 00000nab a2200000 a 4500
001 vtls000853238
003 SK-MaSNL
005 20260304115459.0
008 250429c2003 xo 0 slo
015 |a SNBRB2003/11-33304 
035 |a CLN000204893 
035 |a urn:nbn:sk:snk-ab1z2u 
035 |a (urnnbn)urn:nbn:sk:snk:ar-a01a22 
035 |a (uuid)67367d27-37b6-4218-ae48-00caa5299754 
040 |a SNKBUCL  |b slo  |c SNKBUCL  |e AACR2 
041 0 |a slo 
044 |a xo  |c SK 
080 |a 623.442  |2 UDC-MRF-SK2 
100 1 |a Šramek, Tomáš  |4 aut  |9 1061752 
245 1 0 |a Streľba z perkusnej pušky  |c Tomáš Šramek 
300 |b Obr. 
650 0 7 |a pušky perkusné  |x streľba  |2 snkbucl  |9 1422071 
650 0 7 |a streľba  |2 snkbucl  |9 3228 
655 7 |a články z novín a časopisov  |2 snkbucl  |9 267496 
773 0 |t Zbrane, strelci a lovci  |g Roč. 4, č. 3 (2003), s. 46-47  |x 1335-5740 
850 |a Slovenská národná knižnica 
852 |a Slovenská národná knižnica 
958 |a article27 
958 |a OND 
958 |a EUIPO 
999 |c 2876118  |d 2878048